000
00321nam a2200109Ia 4500
008
200302s9999 xx 000 0 und d
100
_a
Louese Jones
245
_a
Environmentally Responsible Design Green and Sustainable Design for Interior Designers
260
_b
John- Wiley & Sons, Inc.,
260
_c
2008
300
_a
414
999
_c
3764
_d
3764